000 00609nam a22002057a 4500
999 _c15308
_d15308
003 AR-CdUCM
008 190426b ||||| |||| 00| 0 spa d
040 _aMUNICIPALIDAD PROVINCIAL DEL CUSCO
_cBIBLIOTECA MUNICIPAL DEL CUSCO
082 _aEP / 372 /
_bM26
100 _aMariana
_934353
245 _aTrabajos y trabajitos /
260 _bTalleres graficos Pablo Paoppi,
_c1965.
300 _bIlustraciones, graficos, dibujos
_c30 cm.
500 _aCuentos didacticos
650 _aCuentos
_9217
650 _aHistoria
_9136
700 _aLeo
_934354
942 _2ddc
_cLIBROS
945 _apjha
_d2019-04-26